Najlepsi pomocnicy w Historii - Statystyki

Ogólne statystyki
  • Ten quiz został rozwiązany 48 razy
    46 od ostatniego zresetowania
  • Średni wynik to 7 z 16
Statystyki odpowiedzi
Pozycja Odp % Poprawnych
SP Xavi
89%
SPO Iniesta
87%
SP Modrić
79%
SPO Zidane
79%
SPD Kroos
66%
SP Pirlo
58%
SPO De Bruyne
53%
SPO Maradona
47%
SPD Busquets
34%
SP? Gullit
29%
SPO Platini
29%
SPD Matthaus
26%
SP? Scholes
26%
SPO Cruyff
24%
SPD Schweinsteiger
16%
SPO Costa
5%
Nie znaleziono quizów pasujących do podanych kryteriów
Rozkład punktacji
Procent ludzi z każdym wynikiem
Percentyl według liczby udzielonych odpowiedzi
Twoja historia wyników
Nie rozwiązałeś tego quizu od ostatniego zresetowania